Online
Catalog

El peso vivo / (Record no. 18437)

MARC details
000 -CABECERA
campo de control de longitud fija 00662cam a22002051 4500
001 - NÚMERO DE CONTROL
campo de control 000018919
005 - FECHA Y HORA DE LA ÚLTIMA TRANSACCIÓN
campo de control 20200929165901.0
008 - DATOS DE LONGITUD FIJA--INFORMACIÓN GENERAL
campo de control de longitud fija 741011s1968 cr 000 p spa
040 ## - FUENTE DE LA CATALOGACIÓN
Centro catalogador/agencia de origen DO-SdBNP
Centro/agencia transcriptor OAU
Centro/agencia modificador DLC
-- BNPHU
082 ## - NÚMERO DE LA CLASIFICACIÓN DECIMAL DEWEY
Número de clasificación CR861.44
Número de documento/Ítem D633p
100 1# - ENTRADA PRINCIPAL--NOMBRE DE PERSONA
Nombre de persona Dobles Yzaguirre, Julieta,
Fechas asociadas al nombre 1943-
9 (RLIN) 40723
245 13 - MENCIÓN DE TÍTULO
Título El peso vivo /
Mención de responsabilidad, etc. Julieta Dobles Yzaguirre.
260 ## - PUBLICACIÓN, DISTRIBUCIÓN, ETC.
Lugar de publicación, distribución, etc. San Jose, Costa Rica :
Nombre del editor, distribuidor, etc. Editorial Costa Rica,
Fecha de publicación, distribución, etc. 1968.
300 ## - DESCRIPCIÓN FÍSICA
Extensión 62 p. ;
Dimensiones 21 cm.
490 1# - MENCIÓN DE SERIE
Mención de serie Coleccion de poesia
650 #4 - PUNTO DE ACCESO ADICIONAL DE MATERIA--TÉRMINO DE MATERIA
Término de materia o nombre geográfico como elemento de entrada Poesía costarricense
9 (RLIN) 5301
650 #4 - PUNTO DE ACCESO ADICIONAL DE MATERIA--TÉRMINO DE MATERIA
Término de materia o nombre geográfico como elemento de entrada Literatura costarricense
9 (RLIN) 3332
830 #0 - PUNTO DE ACCESO ADICIONAL DE SERIE-TÍTULO UNIFORME
Título uniforme Coleccion de poesia
9 (RLIN) 5302
910 ## - DATOS DE OPCIÓN DEL USUARIO (OCLC)
Datos de opción del usuario Catalogación derivada / LC
Holdings
Estado de retiro Estado de pérdida Restricciones de uso No para préstamo Código de colección Localización permanente Ubicación/localización actual Ubicación en estantería Fecha de adquisición Número de inventario Total de préstamos Signatura topográfica completa Código de barras Fecha visto por última vez Precio válido a partir de Tipo de ítem Koha
      Excluido de préstamo Monografías: Libros y Folletos General General En catalogación 20.05.2010 LF1   CR861.44 D633p 18919-10 25.06.2020 25.06.2020 No se presta

Powered by Koha